U.S. States By Margin in the 2016 Presidential Election - Statistics

General Stats
  • This quiz has been taken 22 times
  • The average score is 35 of 51
Answer Stats
% Answer % Correct
−86.77 District of Columbia
92%
46.29 Wyoming
92%
3.54 Arizona
83%
−30.11 California
83%
1.20 Florida
83%
5.13 Georgia
83%
−32.18 Hawaii
83%
9.41 Iowa
83%
−27.20 Massachusetts
83%
0.23 Michigan
83%
−1.52 Minnesota
83%
−2.42 Nevada
83%
−0.37 New Hampshire
83%
3.66 North Carolina
83%
8.13 Ohio
83%
−10.98 Oregon
83%
0.72 Pennsylvania
83%
−4.91 Colorado
75%
−2.96 Maine
75%
−8.22 New Mexico
75%
36.39 Oklahoma
75%
8.99 Texas
75%
−5.32 Virginia
75%
0.77 Wisconsin
75%
14.73 Alaska
67%
−13.64 Connecticut
67%
31.77 Idaho
67%
−17.07 Illinois
67%
−26.42 Maryland
67%
17.83 Mississippi
67%
−14.10 New Jersey
67%
−22.49 New York
67%
−15.51 Rhode Island
67%
42.07 West Virginia
67%
19.17 Indiana
58%
35.73 North Dakota
58%
14.27 South Carolina
58%
−26.41 Vermont
58%
−15.71 Washington
58%
27.72 Alabama
50%
26.92 Arkansas
50%
−11.38 Delaware
50%
20.60 Kansas
50%
29.84 Kentucky
50%
18.63 Missouri
50%
25.05 Nebraska
50%
29.79 South Dakota
50%
26.00 Tennessee
50%
18.08 Utah
50%
19.64 Louisiana
42%
20.42 Montana
42%
No matching quizzes found
Score Distribution
Percent of People with Each Score
Percentile by Number Answered
Your Score History
You have not taken this quiz